[Event "FAI-chT2 2021"]
[Site "Faroe Islands"]
[Date "2021.02.28"]
[Round "9.1"]
[White "Djurhuus, Arant"]
[Black "Hojgaard, Samson"]
[Result "0-1"]
[WhiteElo "1730"]
[BlackElo "1995"]
[PlyCount "114"]
[EventDate "2020.10.04"]
[EventType "team-tourn"]
[EventRounds "10"]
[EventCountry "FAI"]
[SourceTitle "EXT 2022"]
[Source "ChessBase"]
[SourceDate "2021.10.06"]
[SourceVersion "1"]
[SourceVersionDate "2021.10.06"]
[SourceQuality "1"]
[WhiteTeam "Kollafjordur II"]
[BlackTeam "Vestmanna"]
[WhiteTeamCountry "FAI"]
[BlackTeamCountry "FAI"]

1. d4 e6 2. Bf4 b6 3. e3 Bb7 4. Nd2 Nf6 5. Ngf3 Be7 6. Bd3 Nh5 7. Bg3 d6 8. c3 Nd7 9. e4 0-0 10. Qc2 g6 11. e5 Nxg3 12. hxg3 c5 13. Ne4 dxe5 14. Qd2 f6 15. dxe5 Nxe5 16. Nxe5 fxe5 17. Qh6 Rf7 18. 0-0-0 Bxe4 19. Bxe4 Bg5+ 20. f4 Bxh6 21. Rxd8+ Rxd8 22. Rxh6 exf4 23. g4 Rfd7 24. Rh1 Kg7 25. Rf1 g5 26. Rf2 Rd1+ 27. Kc2 Re1 28. Bd3 e5 29. g3 Re3 30. gxf4 Rexd3 31. fxe5 Re3 32. Rf5 h6 33. a4 Re8 34. e6 R8xe6 35. b4 c4 36. Kb2 Rg3 37. a5 Re2+ 38. Ka3 Rxc3+ 39. Ka4 bxa5 40. Rc5 axb4 41. Rc7+ Kf6 42. Kxb4 Rcc2 43. Rxa7 Ke5 44. Rf7 Rf2 45. Rh7 Rh2 46. Rf7 Rcf2 47. Re7+ Kf6 48. Rc7 Rf4 49. Rc6+ Ke7 50. Ra6 Rxg4 51. Kc3 Rh3+ 52. Kb4 c3+ 53. Kb3 Rg2 54. Ra7+ Kf6 55. Ra6+ Kf5 56. Ra5+ Kg4 57. Ra4+ Kh5 0-1

[Event "FAI-chT2 1617"]
[Site "Faroe Islands"]
[Date "2017.02.12"]
[Round "7.1"]
[White "Joensen, Oli"]
[Black "Hojgaard, Samson"]
[Result "0-1"]
[WhiteElo "1752"]
[BlackElo "1935"]
[PlyCount "89"]
[EventDate "2016.10.23"]
[EventType "team-tourn"]
[EventRounds "10"]
[EventCountry "FAI"]
[SourceTitle "EXT 2020"]
[Source "ChessBase"]
[SourceDate "2019.10.17"]
[SourceVersion "1"]
[SourceVersionDate "2019.10.17"]
[SourceQuality "1"]
[WhiteTeam "Havnin IV"]
[BlackTeam "Vestmanna"]
[WhiteTeamCountry "FAI"]
[BlackTeamCountry "FAI"]

1. d4 d5 2. c4 c6 3. cxd5 cxd5 4. Nc3 Nf6 5. Nf3 Nc6 6. Bg5 a6 7. e3 Bf5 8. Bd3 Bg6 9. 0-0 e6 10. Ne5 Be7 11. a3 0-0 12. Nxg6 hxg6 13. Bxf6 gxf6 14. f4 Rc8 15. f5 exf5 16. Bxf5 Rb8 17. Rf4 Bd6 18. Rg4 Ne7 19. Bd3 Kg7 20. Qf3 Rh8 21. Rf1 Bxh2+ 22. Kf2 Rh5 23. Ke1 Qb6 24. g3 Rc8 25. Rh4 Rxh4 26. gxh4 Rh8 27. Rf2 Rxh4 28. Rc2 Qe6 29. Re2 Rh3 30. Qg2 Bd6 31. Qg1 b5 32. b4 Nf5 33. Kd2 Nh4 34. Kc2 Nf3 35. Qf1 Rg3 36. Qf2 Qh3 37. Nxd5 f5 38. e4 Rg2 39. Qe3 f4 40. Nxf4 Bxf4 41. Qxf4 Nxd4+ 42. Kd2 Rxe2+ 43. Bxe2 Qc3+ 44. Kd1 Qc2+ 45. Ke1 0-1